| 000 | 00369nam a22001697a 4500 | ||
|---|---|---|---|
| 003 | SGT | ||
| 020 | _a9789389034674 | ||
| 082 |
_a611.018931 _bO19G |
||
| 100 | _aPrasad, Harikrishan | ||
| 245 | _aAtlas of Oral histology | ||
| 250 | _a2nd | ||
| 260 |
_bElsevier _c2019 |
||
| 300 | _a82 | ||
| 650 | _aOral histology | ||
| 653 | _aOral histology | ||
| 942 |
_2ddc _cBK _01 |
||
| 999 |
_c22846 _d22846 |
||